000 00908nac a22002051u 4500
008 100907t xxu||||| |||| 00| 0 eng d
020 _a8178084503
082 0 0 _a005.72
_bDEL
_222
100 _aDeitel, H.M.
_918571
245 0 0 _aXML :
_bhow to program /
_cH.M. Deitel ... [et al.].
260 _aNew Delhi :
_bPearson Education,2001
_c2001.
300 _axxxviii, 934 p. :
_bill. ;
_c24 cm. +
_e1 computer laser optical disc (4 3/4 in.).
490 _913831
_aHow to program series
504 _aIncludes bibliographical references (p. [905]-906) and index.
650 0 _aXML (Document markup language)
_918573
650 0 _aInternet programming.
_918574
700 1 _aDeitel, Harvey M.,
_d1945-
_918575
942 _cBB
_k005.72 DEI
_2ddc
999 _c541
_d541